header

The peat swamp (Record no. 153123)

MARC details
000 -LEADER
fixed length control field 01570nam a2200397Ia 4500
082 04 - DEWEY DECIMAL CLASSIFICATION NUMBER
Classification number 577.68
100 1# - MAIN ENTRY--AUTHOR NAME
Personal name Rahman, Ataur,
245 14 - TITLE STATEMENT
Title The peat swamp
260 ## - PUBLICATION, DISTRIBUTION, ETC. (IMPRINT)
Place of publication New York :
Name of publisher Nova Science Publishers,
Year of publication c2012.
300 ## - PHYSICAL DESCRIPTION
Number of Pages 185 p. :
Other physical details ill.
490 1# - SERIES STATEMENT
Series statement Environmental research advances
Series statement Environmental science, engineering and technology
650 #0 - SUBJECT ADDED ENTRY--TOPICAL TERM
Topical Term Peat machinery.
Topical Term Peatlands.
700 1# - ADDED ENTRY--PERSONAL NAME
Personal name Afroz, Rafia,
Personal name Yahya, Azmi,
856 40 - ELECTRONIC LOCATION AND ACCESS
Uniform Resource Identifier http://site.ebrary.com/lib/rucke/Doc?id=10726566

No items available.

© 2026 Rongo University
Contact us: librarian | system librarian | Rongo university